Time to heal : (Record no. 507)

000 -LEADER
fixed length control field 01040cam a2200301 a 4500
001 - CONTROL NUMBER
control field 40575431
003 - CONTROL NUMBER IDENTIFIER
control field OCoLC
005 - DATE AND TIME OF LATEST TRANSACTION
control field 20210420065326.0
008 - FIXED-LENGTH DATA ELEMENTS--GENERAL INFORMATION
fixed length control field 981218s1999 enka b 001 0 eng c
010 ## - LIBRARY OF CONGRESS CONTROL NUMBER
LC control number 98055496
020 ## - INTERNATIONAL STANDARD BOOK NUMBER
International Standard Book Number 0195118375 (acidfree paper)
040 ## - CATALOGING SOURCE
Original cataloging agency DNLM/DLC
Transcribing agency DLC
Modifying agency NLM
-- C#P
-- UKM
043 ## - GEOGRAPHIC AREA CODE
Geographic area code n-us---
049 ## - LOCAL HOLDINGS (OCLC)
Holding library YYEA
080 ## - UNIVERSAL DECIMAL CLASSIFICATION NUMBER
Universal Decimal Classification number 61(09)
Item number L-96
096 ## - LOCALLY ASSIGNED NLM-TYPE CALL NUMBER (OCLC)
Classification number W 18 L945t 1999
100 1# - MAIN ENTRY--PERSONAL NAME
Personal name Ludmerer, Kenneth M.
245 10 - TITLE STATEMENT
Title Time to heal :
Remainder of title American medical education from the turn of the century to the era of managed care /
Statement of responsibility, etc. Kenneth M. Ludmerer.
246 30 - VARYING FORM OF TITLE
Title proper/short title American medical education in the 20th century.
260 ## - PUBLICATION, DISTRIBUTION, ETC.
Place of publication, distribution, etc. Oxford ;
-- New York :
Name of publisher, distributor, etc. Oxford University Press,
Date of publication, distribution, etc. 1999.
300 ## - PHYSICAL DESCRIPTION
Extent xxvi, 514 p. :
Other physical details ill. ;
Dimensions 24 cm.
504 ## - BIBLIOGRAPHY, ETC. NOTE
Bibliography, etc. note Includes bibliographical references and index.
590 ## - LOCAL NOTE (RLIN)
Local note c.1 20-225 Majors 12/26/00 $29.95.
650 12 - SUBJECT ADDED ENTRY--TOPICAL TERM
Topical term or geographic name entry element Education, Medical
General subdivision history.
650 22 - SUBJECT ADDED ENTRY--TOPICAL TERM
Topical term or geographic name entry element History, 20th Century.
653 ## - INDEX TERM--UNCONTROLLED
Uncontrolled term მედიცინის ისტორია
942 ## - ADDED ENTRY ELEMENTS (KOHA)
Source of classification or shelving scheme
Koha item type Books
Holdings
Withdrawn status Lost status Source of classification or shelving scheme Damaged status Not for loan Permanent location Current location Date acquired Inventory number Total Checkouts Full call number Barcode Date last seen Price effective from Koha item type
          Ken Walker International University Ken Walker International University 11/27/2020 1269   61(09) L-96 1269 11/27/2020 11/27/2020 Books

Powered by Koha